| 000 | 01302nam a22003377a 4500 | ||
|---|---|---|---|
| 005 | 20240530110455.0 | ||
| 008 | 150601s2010 ua ad g 000 0 ara d | ||
| 017 |
_a2009/14481 _bمصر . دار الكتب المصرية |
||
| 020 | _a9789773373401 | ||
| 040 | _aEG-CaGPL | ||
| 082 | 0 | 4 |
_221 _a658.401\ _bخ خ |
| 245 | 0 | 0 |
_aخطة العمل / _cاعداد المادة العلمية خبراء مركز الخبرات المهنية للادارة بميك ؛ المستشار العلمى عبدالرحمن توفيق |
| 260 |
_aالقاهرة : _bببميك ، _c2010 . |
||
| 300 |
_a77 ص : _bايض ؛ _c32 سم . |
||
| 650 | 0 | 4 | _aالادارة |
| 650 | 0 | 4 | _aالتنمية الادارية |
| 650 | 0 | 4 | _aالتخطيط |
| 650 | 0 | 4 | _aالقيادة الادارية |
| 650 | 0 | 4 |
_aالادارة _xتحليل |
| 650 | 0 | 4 | _aالمحاسبة الادارية |
| 650 | 0 | 4 |
_aالادارة _xتطوير |
| 650 | 0 | 4 |
_aالادارة _xتكاليف |
| 650 | 0 | 4 |
_aالادارة _xتقييم |
| 650 | 0 | 4 | _aالادارة التنفيذية |
| 650 | 0 | 4 | _aادارة التسويق |
| 650 | 0 | 4 | _aالمبيعات |
| 700 | 0 |
_aعبدالرحمن توفيق _eمستشار علمى |
|
| 710 | 0 |
_aبميك _eمعد |
|
| 942 |
_2ddc _cBK |
||
| 999 |
_c61345 _d61345 |
||